[Event "ICA January Quads #3"]
[Site "Boise, ID"]
[Date "2007.01.10"]
[Round "2.3"]
[White "Patterson, Kevin R"]
[Black "Patterson, Emily N"]
[Result "0-1"]
[WhiteElo "750"]
[BlackElo "350"]

1. e4 e5 2. Nf3 Nc6 3. Bb5 Bc5 4. O-O Nf6 5. d3 h6 6. c4 O-O 7. Bxc6 dxc6 8.
b3 b5 9. Nxe5 Bb7 10. Re1 Bd4 11. Nxf7 Rxf7 12. Bf4 Bxa1 13. Nd2 Bc3 14. Qc2
Bxd2 15. Qxd2 Rd7 16. Re3 a6 17. Rg3 c5 18. e5 Nh5 19. Rg4 Rxd3 20. Qxd3 Qxd3
21. h3 Nxf4 22. Rxf4 Qg6 23. Rg4 Qb1+ 24. Kh2 Qxa2 25. e6 Qxb3 26. e7 Bc6 27.
f4 bxc4 28. f5 Kf7 29. h4 c3 30. h5 c2 31. Rg6 c1=Q 32. f6 gxf6 33. Rxh6 Qxh6
34. Kh1 Qxh5+ 35. Kg1 Qbd1+ 36. Kf2 Bxg2 37. e8=Q+ Rxe8 38. Kg3 Rg8+ 39. Kf2
Qdf3+ 40. Ke1 Qe5+ 41. Kd2 Rd8+ 42. Kc2 Qee2+ 43. Kc1 Rd1# 0-1

[Event "ICA January Quads #3"]
[Site "Boise, ID"]
[Date "2007.01.17"]
[Round "3.3"]
[White "Daptardar, Soham Virendra"]
[Black "Patterson, Kevin R"]
[Result "1-0"]
[WhiteElo "788"]
[BlackElo "750"]

1. e4 e5 2. Nf3 Nc6 3. Bc4 Bc5 4. d3 Nf6 5. Nc3 a6 6. Bg5 O-O 7. Nd5 b5 8. Bb3
Be7 9. Nxe7+ Qxe7 10. Qd2 d6 11. Bd5 Bg4 12. Bxc6 Rad8 13. h3 Bxf3 14. gxf3
Qe6 15. Bd5 Qd7 16. Bxf6 gxf6 17. Rg1+ Kh8 18. Qh6 Rg8 19. Qxf6+ Rg7 20. Qxg7#
1-0

[Event "Idaho Closed"]
[Site "Boise, ID"]
[Date "2007.02.17"]
[Round "2.12"]
[White "Mabry, William B"]
[Black "Patterson, Emily N"]
[Result "1-0"]
[WhiteElo "1320"]
[BlackElo "327"]

1. Nf3 Nc6 2. d4 Nf6 3. c4 d5 4. Nc3 dxc4 5. e4 Bg4 6. d5 Ne5 7. Be2 Nxf3+ 8.
gxf3 Bh5 9. f4 Bxe2 10. Qxe2 e6 11. Qxc4 exd5 12. Nxd5 Nxd5 13. exd5 Qe7+ 14.
Be3 Qb4+ 15. Qxb4 Bxb4+ 16. Ke2 b6 17. a3 Bd6 18. Bd2 O-O-O 19. Rad1 Rhe8+ 20.
Kf3 Re7 21. Bc3 g6 22. Bf6 Rde8 23. Bxe7 Rxe7 24. Rhe1 Rxe1 25. Rxe1 h6 26. h3
f5 27. Re6 g5 28. Rxh6 Bxf4 29. b3 Kb7 30. h4 Bc1 31. hxg5 Bxg5 32. Rh5 Bc1
33. a4 f4 34. Rf5 a5 35. Rxf4 Bxf4 36. Kxf4 Kc8 37. Kf5 Kd7 38. Ke5 Ke7 39. f4
Kd7 40. Kf6 Kd6 41. Kg6 Kxd5 42. f5 Kc5 43. f6 Kb4 44. f7 Kxb3 45. f8=Q Kxa4
46. Qf4+ Kb5 47. Qxc7 a4 48. Qe5+ Kb4 49. Qd4+ Kb5 50. Qb2+ Ka5 51. Qc3+ Kb5
52. Kf5 Ka6 53. Ke4 b5 54. Qb4 Kb6 55. Kd4 Kc6 56. Ke5 Kb6 57. Kd6 Ka6 58. Kc6
Ka7 59. Qxb5 Ka8 60. Qb7# 1-0

[Event "Idaho Closed"]
[Site "Boise, ID"]
[Date "2007.02.18"]
[Round "3.15"]
[White "Hatch, Rich"]
[Black "Patterson, Emily N"]
[Result "1-0"]
[WhiteElo "922"]
[BlackElo "327"]

1. e4 e5 2. Nf3 Nc6 3. Bb5 Nf6 4. Nc3 Nd4 5. Nxd4 exd4 6. Nd5 Nxd5 7. exd5
Qe7+ 8. Be2 Qe5 9. O-O Qxd5 10. Re1 Qd6 11. Bg4+ Kd8 12. Qe2 c6 13. Qe8+ Kc7
14. Qxf7 d3 15. cxd3 Qxd3 16. Re3 Qd4 17. h3 Bb4 18. d3 b6 19. Re4 Qc5 20.
Bf4+ Kb7 21. a3 Qf8 22. Qxf8 Bxf8 23. Re8 h6 24. Rd8 g5 25. Be5 Rg8 26. Bxd7
Bxd7 27. Rxd7+ Ka6 28. Re1 Re8 29. Kf1 h5 30. Bd6 Rxe1+ 31. Kxe1 Bxd6 32. Rxd6
Re8+ 33. Kf1 Kb7 34. d4 Rf8 35. Rg6 g4 36. hxg4 hxg4 37. Rxg4 Kc7 38. Ke2 Kd6
39. f4 Kd5 40. Ke3 Re8+ 41. Kd3 Re4 42. g3 Rxd4+ 43. Ke3 Kc4 44. Rg6 Kc5 45.
Rxc6+ Kd5 46. Rd6+ Kxd6 47. Kxd4 a5 48. f5 b5 49. b4 a4 50. g4 Ke7 51. g5 Kf7
52. Kc5 Kg7 53. Kxb5 Kf7 54. g6+ Kf6 55. Kxa4 Kg7 56. b5 {#r} 1-0

[Event "Idaho Closed"]
[Site "Boise, ID"]
[Date "2007.02.18"]
[Round "4.18"]
[White "Patterson, Emily N"]
[Black "Simonson, Jay L"]
[Result "1-0"]
[WhiteElo "327"]
[BlackElo "639"]

1. e4 e5 2. Nf3 Nc6 3. Bc4 Nf6 4. Nc3 Bb4 5. O-O O-O 6. d3 h6 7. d4 Bxc3 8.
bxc3 exd4 9. cxd4 Nxe4 10. Nd2 Qe7 11. Nxe4 Qxe4 12. Bb2 d6 13. Re1 Qg6 14. d5
Ne5 15. Bxe5 dxe5 16. Rxe5 Bf5 17. c3 Be4 18. g3 Rad8 19. Qd4 Qg4 20. Rxe4 Qf5
21. Rae1 c6 22. Bd3 Rxd5 23. Re8 Rxd4 24. Rxf8+ Kxf8 25. Bxf5 Rc4 26. Bd7 g5
27. Re3 Ra4 28. Re2 Kg7 29. Kg2 Kg6 30. Kh3 Ra3 31. c4 h5 32. Be8 Ra4 33. Re6+
Kf5 34. Bxf7 Rxc4 35. Rh6 Rc2 36. Bg6+ Kf6 37. Bxc2+ Kg7 38. Rxh5 Kf6 39. Kg4
Ke5 40. Rxg5+ Kd6 41. h4 Kc7 42. h5 Kb6 43. h6 a6 44. h7 Kc7 45. h8=Q Kb6 46.
Qd8+ Ka7 47. Qc7 a5 48. Rg8 a4 49. Qa5# 1-0

[Event "Idaho Closed"]
[Site "Boise, ID"]
[Date "2007.02.18"]
[Round "4.19"]
[White "Patterson, Kevin R"]
[Black "Seekamp III, John Edwin"]
[Result "0-1"]
[WhiteElo "732"]
[BlackElo "521"]

1. e4 e5 2. Nf3 Nc6 3. Bb5 Bc5 4. Bxc6 dxc6 5. Nc3 Nf6 6. O-O Bg4 7. d3 O-O 8.
Na4 Bd4 9. c3 Bb6 10. Nxb6 cxb6 11. h3 Bh5 12. Qe2 b5 13. Qe3 h6 14. Nxe5 Re8
15. d4 c5 16. b3 b4 17. a3 bxc3 18. Qxc3 cxd4 19. Qg3 Nxe4 20. Qf4 Qd5 21. Nd3
Be2 22. Nb4 Qe5 23. Qxe5 Rxe5 24. Re1 a5 25. Rxe2 axb4 26. a4 d3 27. Re3 Rd8
28. Bb2 Re6 29. Rd1 d2 30. Rf3 Nc3 31. Bxc3 bxc3 32. Rxc3 Re1+ 33. Kh2 Rxd1
{#R} 0-1

[Event "Idaho Closed"]
[Site "Boise, ID"]
[Date "2007.02.19"]
[Round "5.15"]
[White "Patterson, Emily N"]
[Black "Daptardar, Soham Virendra"]
[Result "0-1"]
[WhiteElo "327"]
[BlackElo "855"]

1. e4 e6 2. d4 d5 3. exd5 exd5 4. Nf3 Nc6 5. Bb5 Nf6 6. Ne5 Bd7 7. Nxc6 bxc6
8. Ba4 Bd6 9. Nc3 O-O 10. O-O h6 11. Bd2 Re8 12. Re1 Rb8 13. b3 Rxe1+ 14. Qxe1
Qe8 15. Qxe8+ Rxe8 16. h3 Ne4 17. Nxe4 Rxe4 18. c3 Re2 19. Rd1 Re6 20. b4 Rg6
21. g3 Be7 22. Kh2 Rf6 23. Rf1 Bd6 24. Bb3 Rf3 25. Rd1 Rxf2+ 26. Kg1 Bxg3 27.
Rf1 Rxd2 28. c4 dxc4 29. Bxc4 Bxh3 30. Rb1 Rg2+ 31. Kh1 Rd2 32. Bf1 Bxf1 33.
Rxf1 Rxd4 34. Rc1 Rxb4 35. Rxc6 Ra4 36. Kg2 Be5 37. Kf3 Rxa2 38. Ke4 Re2+ 39.
Kd5 f5 40. Ra6 f4 41. Rxa7 f3 42. Rb7 f2 43. Rb1 Re1 {#R} 0-1

[Event "Idaho Closed"]
[Site "Boise, ID"]
[Date "2007.02.19"]
[Round "5.19"]
[White "Simonson, Jay L"]
[Black "Patterson, Kevin R"]
[Result "0-1"]
[WhiteElo "639"]
[BlackElo "732"]

1. e4 e5 2. Bc4 Nc6 3. Nf3 Bc5 4. O-O Nf6 5. d3 d6 6. Nc3 Bg4 7. b3 Nd4 8.
Bxf7+ Kxf7 9. Ng5+ Kg8 10. Qd2 h6 11. Nd5 hxg5 12. Qxg5 Ne2+ 13. Kh1 Rh3 14.
Nxf6+ Qxf6 15. Qxg4 Ng3+ 16. Qxg3 Rxg3 17. hxg3 Bxf2 18. Bd2 Kf7 19. Rxf2 Qxf2
{#R} 0-1

[Event "Idaho Closed"]
[Site "Boise, ID"]
[Date "2007.02.19"]
[Round "6.19"]
[White "Patterson, Kevin R"]
[Black "Warwick, Jacob E"]
[Result "1-0"]
[WhiteElo "732"]
[BlackElo "287"]

1. d4 d5 2. Nc3 Nc6 3. Nf3 Bg4 4. Bf4 Bxf3 5. exf3 Qd7 6. Bb5 O-O-O 7. O-O a6
8. Bxa6 bxa6 9. Qd3 Nb8 10. a4 f6 11. b4 Re8 12. b5 a5 13. Rab1 Qe6 14. Rfe1
Qb6 15. Nxd5 Qb7 16. Qc4 Nc6 17. bxc6 Qa7 18. Nxc7 Rd8 19. Qe6+ Rd7 20. Qxd7#
1-0

[Event "Idaho Open (Reserve)"]
[Site "Pocatello, ID"]
[Date "2008.04.06"]
[Round "4.5"]
[White "Patterson, Kevin R"]
[Black "Avila, Joe L"]
[Result "1-0"]
[WhiteElo "869"]
[BlackElo "622"]

1. e4 e5 2. Nf3 d6 3. Nc3 Be6 4. Be2 g6 5. O-O Bg7 6. d4 f6 7. d5 Bf7 8. Be3
Ne7 9. Na4 O-O 10. c4 c6 11. Nc3 c5 12. a3 h5 13. b4 Nd7 14. bxc5 dxc5 15. Qd2
Kh7 16. Rab1 b6 17. a4 Rh8 18. Rb2 Kg8 19. Ra1 a6 20. Nd1 Nc8 21. Qc1 Ra7 22.
Nh4 f5 23. Nf3 f4 24. Nd2 fxe3 25. Nxe3 Bh6 26. Nef1 Kg7 27. Qc3 Qf6 28. Nf3
Qf4 29. Bd3 h4 30. h3 Nd6 31. Re2 g5 32. N1h2 Bh5 33. Qd2 Qxd2 34. Rxd2 Kg6
35. Rb2 Rb7 36. Ne1 Rf8 37. f3 Rf4 38. Rab1 Nc8 39. Kf2 Rf6 40. a5 Rd6 41. Nc2
Kf6 42. Ne3 Ne7 43. Rg1 Kf7 44. g4 Bg6 45. Ra1 Ra7 46. Bc2 Kf6 47. Nf5 Bxf5
48. gxf5 Rb7 49. Ng4+ Kg7 50. Ba4 Nf6 51. Rab1 Nc8 52. Bc6 Rb8 53. axb6 Nh5
54. b7 Na7 55. Ba4 Nf4 56. f6+ Kg6 57. Nxe5+ Kxf6 58. Nd7+ Rxd7 59. Rb6+ Kg7
60. Bxd7 Nd3+ 61. Ke3 Ne5 62. Bf5 Nxc4+ 63. Kf2 Nxb6 64. Rxb6 Nb5 65. d6 Nd4
66. Bc8 Kf7 67. d7 Ke7 68. Rxh6 Ne6 69. Rxe6+ Kd8 70. Re8+ {#r} 1-0

[Event "Idaho Open (Open)"]
[Site "Pocatello, ID"]
[Date "2008.04.05"]
[Round "2.8"]
[White "Vander Sys, Sean R"]
[Black "Patterson, Emily N"]
[Result "1-0"]
[WhiteElo "1549"]
[BlackElo "1343"]

1. Nf3 e6 2. d4 d5 3. c4 c5 4. e3 Nf6 5. Bd3 cxd4 6. exd4 dxc4 7. Bxc4 Bb4+ 8.
Bd2 Bxd2+ 9. Nbxd2 O-O 10. O-O b6 11. Qc2 Bb7 12. Rac1 Nc6 13. Nb3 Nb4 14. Qd2
Nbd5 15. Rfe1 Ne7 16. Ne5 Ned5 17. Bd3 Nd7 18. Rc2 f6 19. Nc6 Bxc6 20. Rxc6 e5
21. dxe5 Nxe5 22. Rc2 Nxd3 23. Qxd3 Nb4 24. Qc4+ Kh8 25. Qxb4 Re8 26. Rce2
Rxe2 27. Rxe2 Qd1+ 28. Qe1 Qxe1+ 29. Rxe1 Rd8 30. g3 g5 31. Re7 Ra8 32. Nd2
Kg8 33. Ne4 {#r} 1-0

[Event "Idaho Open (Open)"]
[Site "Pocatello, ID"]
[Date "2008.04.06"]
[Round "4.6"]
[White "Treiman, Scott"]
[Black "Patterson, Emily N"]
[Result "0-1"]
[WhiteElo "1662"]
[BlackElo "1343"]

1. d4 e6 2. c4 Nf6 3. Nc3 Bb4 4. Qc2 O-O 5. Bg5 c5 6. e3 Nc6 7. Nf3 cxd4 8.
exd4 Bxc3+ 9. Qxc3 Ne4 10. Bxd8 Nxc3 11. bxc3 Rxd8 12. Bd3 f6 13. O-O e5 14.
d5 Ne7 15. c5 d6 16. Bc4 Kf8 17. cxd6 Rxd6 18. Rad1 b6 19. Bd3 h6 20. c4 Bg4
21. Be2 Nf5 22. h3 Bxf3 23. Bxf3 Nd4 24. Kh2 Nxf3+ 25. gxf3 Rc8 26. Rc1 Rd7
27. Rfd1 Ke7 28. Kg3 f5 29. Rd3 g5 30. Rdc3 Rdc7 31. Re3 f4+ 32. Kg4 fxe3 33.
fxe3 Rxc4+ 34. Rxc4 Rxc4+ 35. Kf5 Rc3 36. e4 Rxf3+ 37. Kxe5 Rxh3 38. d6+ Kd7
39. Kd5 Rd3+ 40. Ke5 Rxd6 41. a4 g4 42. a5 g3 43. axb6 axb6 44. Kf4 g2 45. e5
Re6 46. Kf3 g1=Q 47. Kf4 Qf1+ 48. Ke4 Qe2+ 49. Kf5 Qxe5+ 50. Kg4 Rg6+ 51. Kh4
Qh2# 0-1

[Event "WIO (Open)"]
[Site "Caldwell, ID"]
[Date "2008.05.24"]
[Round "2.3"]
[White "Patterson, Emily N"]
[Black "Watson, John"]
[Result "1-0"]
[WhiteElo "1413"]
[BlackElo "1479"]

1. f4 d5 2. Nf3 c5 3. e3 Nc6 4. b3 Bg4 5. Bb5 a6 6. Bxc6+ bxc6 7. Bb2 f6 8. d3
Qc7 9. Nbd2 e5 10. fxe5 fxe5 11. Bxe5 Qd7 12. Qe2 Qe6 13. Qf2 Nf6 14. Qg3 Nd7
15. O-O Nxe5 16. Qxe5 Bd6 17. Qxe6+ Bxe6 18. Ng5 Bg8 19. e4 h6 20. Ngf3 Be6
21. Nh4 Bf7 22. e5 Bc7 23. Rae1 O-O 24. Nf5 Rae8 25. Nf3 Be6 26. Nd6 Bxd6 27.
exd6 Bg4 28. Ne5 Rxf1+ 29. Kxf1 Rf8+ 30. Kg1 Re8 31. Kf1 Rf8+ 32. Nf3 Bxf3 33.
gxf3 Rxf3+ 34. Kg2 Rf7 35. Re8+ Kh7 36. Rd8 Kg6 37. Rc8 Rd7 38. Rxc6 Kf5 39.
Rxa6 Ke5 40. Rc6 Kd4 41. a4 c4 42. dxc4 dxc4 43. Rxc4+ Kd5 44. Rc7 Rxd6 45.
Rxg7 Rc6 46. Rd7+ Kc5 47. Kf3 Kb4 48. Rd2 Kc3 49. Re2 Rd6 50. Kg4 Rd8 51. Kf4
Rd4+ 52. Ke5 Rd8 53. Kf6 Rd4 54. Kg6 Rd6+ 55. Kf7 Rd7+ 56. Re7 Rd2 57. Rc7+
Kb2 58. h4 Rd5 59. Kg6 h5 60. Rc4 Ka3 61. a5 Rxa5 62. Ra4+ {#r} 1-0

[Event "WIO (Reserve)"]
[Site "Caldwell, ID"]
[Date "2008.05.24"]
[Round "1.1"]
[White "Patterson, Kevin R"]
[Black "Wong, Jennifer Wonyan"]
[Result "1-0"]
[WhiteElo "896"]
[BlackElo "535"]

1. e4 e5 2. Nf3 Nc6 3. Bc4 Bc5 4. b4 Bb6 5. b5 Nb4 6. c3 Nc6 7. bxc6 bxc6 8.
d4 d6 9. dxe5 d5 10. exd5 c5 11. Bb5+ c6 12. Bxc6+ Kf8 13. Bxa8 Bf5 14. Bc6
Nh6 15. Bxh6 gxh6 16. O-O Rg8 17. g3 Bh3 18. Re1 Bg4 19. Qd3 Bh3 20. e6 Qf6
21. Ne5 Qg5 22. Qe3 Qf6 23. Nd7+ Ke7 24. Nxf6 Kxf6 25. Qxh6+ Ke7 26. Qxh3 Rg7
27. Qh4+ Kf8 28. e7+ Kg8 29. e8=Q# 1-0

[Event "Idaho Closed"]
[Site "Twin Falls, ID"]
[Date "2009.02.14"]
[Round "1.8"]
[White "Anderson, Mark"]
[Black "Patterson, Kevin R"]
[Result "1-0"]
[WhiteElo "1620"]
[BlackElo "946"]

1. Nf3 d5 2. d4 c6 3. Bg5 Nf6 4. e3 Bg4 5. h3 Bh5 6. Be2 Ne4 7. Bh4 Nf6 8. O-O
Nbd7 9. c4 e6 10. a3 h6 11. Nbd2 Be7 12. b4 b6 13. Rc1 O-O 14. Re1 Bg6 15. Qa4
c5 16. dxc5 bxc5 17. cxd5 exd5 18. Bxf6 Nxf6 19. bxc5 Qc7 20. c6 Ne4 21. Ba6
Nc5 22. Qb5 Nd3 23. Qxd5 Bf6 24. Bxd3 Rad8 25. Qa2 Bxd3 26. Nb3 Be4 27. Nfd4
Bxd4 28. Nxd4 a6 29. Qc4 Rd6 30. Qxa6 Rg6 31. f3 Qg3 32. Qf1 Bd3 33. Qf2 Qxh3
34. e4 Qc8 35. Red1 Ba6 36. Nf5 Re8 37. c7 Qa8 38. Ne7+ Rxe7 39. Rd8+ {#r} 1-0

[Event "Idaho Closed"]
[Site "Twin Falls, ID"]
[Date "2009.02.14"]
[Round "2.9"]
[White "Patterson, Emily N"]
[Black "Min, William"]
[Result "1-0"]
[WhiteElo "1513"]
[BlackElo "967"]

1. f4 d5 2. Nf3 Nf6 3. b3 Nc6 4. Bb2 e6 5. e3 Bd6 6. Be2 O-O 7. O-O Re8 8. h3
e5 9. fxe5 Nxe5 10. Qe1 Ne4 11. d3 Ng5 12. Nbd2 Nexf3+ 13. Bxf3 Bc5 14. d4 Bb4
15. c3 Ba5 16. b4 Bb6 17. c4 dxc4 18. Nxc4 h6 19. Nxb6 axb6 20. Qc3 Nxf3+ 21.
Rxf3 Be6 22. d5 f6 23. dxe6 Rxe6 24. Qb3 Kf7 25. Rd1 Qe8 26. Rdf1 Qe7 27. b5
Rc8 28. e4 Ke8 29. Ba3 c5 30. bxc6 Qf7 31. cxb7 Rb8 32. Qb5+ Qd7 33. Qxd7+
Kxd7 34. Rd3+ Ke8 35. Rc1 Rxb7 36. Rc8+ Kf7 37. Rf8+ Kg6 38. Rg3+ Kh7 39. Re3
Rd7 40. Rb8 Rd2 41. Rb7 Re5 42. Bf8 Rg5 43. a3 Rdxg2+ 44. Kf1 Rg1+ 45. Ke2
R5g2+ 46. Kd3 b5 47. Rxb5 Kg6 48. Rb7 Rd1+ 49. Kc4 Rc1+ 50. Rc3 Rxc3+ 51. Kxc3
Kh7 52. Rxg7+ Rxg7 53. Bxg7 Kxg7 54. a4 f5 55. exf5 h5 56. a5 h4 57. a6 Kf8
58. a7 {#r} 1-0

[Event "Idaho Closed"]
[Site "Twin Falls, ID"]
[Date "2009.02.15"]
[Round "3.6"]
[White "Ramalingam, Deeban"]
[Black "Patterson, Emily N"]
[Result "0-1"]
[WhiteElo "1080"]
[BlackElo "1513"]

1. e4 e6 2. d4 d5 3. e5 c5 4. Nf3 Nc6 5. Bf4 Qb6 6. b3 cxd4 7. c4 dxc3 8. Nxc3
Bb4 9. Bd2 Nge7 10. Bd3 Qa5 11. Qc2 d4 12. Ne4 Bxd2+ 13. Nexd2 Nxe5 14. O-O
Nxd3 15. Qxd3 e5 16. Rfe1 f6 17. Ne4 Qd5 18. Rac1 Bf5 19. Nfd2 O-O 20. Qg3 Ng6
21. Qf3 Bxe4 22. Nxe4 Rad8 23. Rc5 Qd7 24. Rd1 f5 25. Ng5 h6 26. Qh5 Qd6 27.
Rdc1 hxg5 28. Qxg5 Nf4 29. R1c4 Ne6 30. Qc1 Nxc5 31. Rxc5 d3 32. Qc4+ Rf7 33.
Rc8 d2 34. Rxd8+ Qxd8 35. g3 d1=Q+ 36. Kg2 Q1d5+ 37. Qxd5 Qxd5+ 38. Kh3 g5 39.
g4 Rh7+ 40. Kg3 f4# 0-1

[Event "Idaho Closed"]
[Site "Twin Falls, ID"]
[Date "2009.02.15"]
[Round "3.12"]
[White "Min, Michael"]
[Black "Patterson, Kevin R"]
[Result "0-1"]
[WhiteElo "360"]
[BlackElo "1017"]

1. e4 c6 2. Nc3 d5 3. f3 e6 4. Bd3 Bb4 5. a3 Bxc3 6. bxc3 Nf6 7. Ne2 dxe4 8.
fxe4 Nbd7 9. O-O Qc7 10. Qe1 c5 11. Qg3 Qxg3 12. Nxg3 O-O 13. Be2 b6 14. Nh5
Bb7 15. Nxf6+ Nxf6 16. d3 h6 17. Bd2 e5 18. Be1 Rfe8 19. Bh4 Re6 20. h3 g5 21.
Bg4 Nxg4 22. hxg4 gxh4 23. Rf2 Rg6 24. Raf1 Rf8 25. Rf5 f6 26. g5 hxg5 27. g4
Bc8 28. R5f2 Bxg4 29. Rh2 Be6 30. Rff2 f5 31. exf5 Bxf5 32. Rf1 Rg7 33. Rhf2
Rgf7 34. c4 Bh3 35. Rxf7 Rxf7 36. Rxf7 Kxf7 37. Kh2 Be6 38. Kg2 Kf6 39. Kh2
Kf5 40. Kh3 Kf4+ 41. Kh2 e4 42. dxe4 Kxe4 43. c3 Kd3 44. Kg2 Kxc3 45. a4 Kxc4
46. a5 bxa5 47. Kf2 a4 48. Ke1 a3 49. Kd2 a2 50. Kc2 a1=Q 51. Kd2 Qc3+ 52. Ke2
Bg4+ 53. Kf2 Qd2+ 54. Kf1 Bh3+ 55. Kg1 Qg2# 0-1

[Event "Idaho Closed"]
[Site "Twin Falls, ID"]
[Date "2009.02.16"]
[Round "5.7"]
[White "Dominick, Matthew Thomas"]
[Black "Patterson, Emily N"]
[Result "1-0"]
[WhiteElo "1274"]
[BlackElo "1513"]

1. d4 e6 2. c4 Nf6 3. Bg5 Be7 4. Nc3 O-O 5. e4 Nxe4 6. Bxe7 Nxc3 7. Bxd8 Nxd1
8. Bxc7 Nxb2 9. Bd6 Re8 10. Bb4 Nc6 11. Rb1 Na4 12. Nf3 e5 13. d5 Nxb4 14.
Rxb4 Nc5 15. Be2 e4 16. Nd4 Nd3+ 17. Bxd3 exd3+ 18. Kd2 a5 19. Rb3 d6 20. Rxd3
Rb8 21. Rb1 Bd7 22. Rb6 Re7 23. Rxd6 b5 24. Rb3 b4 25. Nc6 Bxc6 26. Rxc6 Rbe8
27. Re3 g5 28. Rxe7 Rxe7 29. d6 Rd7 30. c5 h5 31. Rc7 Rd8 32. d7 Kg7 33. c6
Kf6 34. Kd3 Ke6 35. Kc4 Kd6 36. Rc8 Rxd7 37. cxd7 Kxd7 38. Rc5 f6 39. Rxa5 b3
40. axb3 {#r} 1-0

[Event "Idaho Closed"]
[Site "Twin Falls, ID"]
[Date "2009.02.16"]
[Round "6.9"]
[White "Patterson, Emily N"]
[Black "Ye, Michael"]
[Result "0-1"]
[WhiteElo "1513"]
[BlackElo "1055"]

1. f4 Nc6 2. Nf3 Nf6 3. b3 d5 4. Bb2 Qd6 5. e3 Bg4 6. Be2 Bxf3 7. Bxf3 e5 8.
fxe5 Nxe5 9. O-O Be7 10. Ba3 Qd7 11. Bxe7 Qxe7 12. Nc3 O-O-O 13. Qe2 h5 14.
Qb5 a6 15. Qa5 Nc6 16. Qa4 g5 17. a3 g4 18. Be2 d4 19. exd4 Rxd4 20. b4 Rxd2
21. Rad1 Qe3+ 22. Kh1 Qxc3 23. Rxf6 Rxd1+ 24. Rf1 Rxf1+ 25. Bxf1 Qe1 26. Kg1
h4 27. b5 Qe3+ 28. Kh1 Qf2 29. Qxg4+ Kb8 30. Qd1 axb5 31. Bxb5 h3 32. Qg1
Qxg1+ 33. Kxg1 Nd4 34. c4 Nxb5 35. cxb5 hxg2 36. Kxg2 Rh5 37. b6 c5 38. h4 c4
39. Kf2 Rxh4 40. Ke1 Rd4 41. a4 c3 42. a5 c2 43. Ke2 c1=Q 44. Kf2 Qc3 45. Ke2
Rd2+ 46. Ke1 Qc1# 0-1

[Event "Idaho Closed"]
[Site "Twin Falls, ID"]
[Date "2009.02.16"]
[Round "6.12"]
[White "Patterson, Kevin R"]
[Black "Simonson, Jay L"]
[Result "1-0"]
[WhiteElo "1017"]
[BlackElo "689"]

1. e4 e5 2. Nf3 Nc6 3. Bc4 Bc5 4. b4 Bxb4 5. c3 Bc5 6. d4 exd4 7. cxd4 Bb4+ 8.
Nbd2 Nf6 9. O-O O-O 10. Rb1 d5 11. exd5 Nxd5 12. Bb2 Bc3 13. Bxd5 Bf5 14. Bxc3
Bxb1 15. Bc4 Bf5 16. Re1 h6 17. d5 Nb8 18. Qa1 f6 19. Bb4 Re8 20. d6+ Kh7 21.
dxc7 Rxe1+ 22. Qxe1 Qxc7 23. Nh4 Qc8 24. Bb3 Nc6 25. Nf1 Nd4 26. Qe3 Qd7 27.
Bc3 Re8 28. Qxd4 Qxd4 29. Bxd4 Bd3 30. Be3 Re4 31. g3 a6 32. Bf7 Re5 33. Nf3
Re7 34. Bb3 b5 35. Ne1 Be4 36. Bc2 a5 37. Nd2 Bxc2 38. Nxc2 Rc7 39. Nd4 b4 40.
Kf1 Rc3 41. Nb5 a4 42. Nxc3 bxc3 43. Nc4 g5 44. Nb6 a3 45. Bc1 c2 46. Bxa3 Kg7
47. Bc1 Kf7 48. Ke2 Ke7 49. Kd2 Kd6 50. Kxc2 Kc5 51. Be3+ Kb5 52. Kb3 Ka5 53.
Nc4+ Kb5 54. a4+ Ka6 55. Kb4 Kb7 56. Kb5 Kb8 57. Kb6 Ka8 58. a5 Kb8 59. a6 Ka8
60. Nd6 Kb8 61. Ne8 Ka8 62. Nc7+ Kb8 63. a7+ Kc8 64. a8=Q+ Kd7 65. Bc5 f5 66.
Qe8# 1-0

[Event "ICU MVCC Ch (Challenger)"]
[Site "Twin Falls, ID"]
[Date "2009.03.07"]
[Round "1.2"]
[White "Dugger, Gary"]
[Black "Patterson, Kevin R"]
[Result "1-0"]
[WhiteElo "1273"]
[BlackElo "1014"]

1. e4 c6 2. d4 d5 3. e5 Bf5 4. Nf3 h6 5. g3 e6 6. Bg2 Bb4+ 7. c3 Ba5 8. O-O
Ne7 9. a4 O-O 10. Qb3 Qb6 11. Qa3 Qd8 12. b4 Bc7 13. Be3 Nd7 14. Nbd2 a5 15.
c4 axb4 16. Qxb4 Ra7 17. c5 Ba5 18. Qb2 Bxd2 19. Qxd2 b6 20. Rfc1 bxc5 21.
dxc5 Qb8 22. Bxh6 gxh6 23. Qxh6 Bg6 24. Qg5 Nf5 25. g4 Ng7 26. h4 f6 27. Qxg6
Nxe5 28. Nxe5 Qxe5 29. Re1 Qc3 30. h5 f5 31. g5 Rff7 32. h6 Rae7 33. Rab1 Re8
34. h7+ Kh8 35. Qxf7 Kxh7 36. Re3 Qxc5 37. Rh3# 1-0

[Event "ICU MVCC Ch (Challenger)"]
[Site "Twin Falls, ID"]
[Date "2009.03.07"]
[Round "2.3"]
[White "Patterson, Kevin R"]
[Black "Mills, Danny"]
[Result "0-1"]
[WhiteElo "1014"]
[BlackElo "1090"]

1. e4 e6 2. d4 d5 3. e5 h6 4. Nf3 f6 5. Nfd2 a6 6. Qh5+ Ke7 7. Qd1 Nc6 8. Nf3
Ke8 9. Be2 b5 10. O-O Bb7 11. c3 f5 12. Nbd2 Nge7 13. b4 g5 14. h3 Ng6 15. Nh2
Nf4 16. Ndf3 Nxe2+ 17. Qxe2 Bg7 18. a4 bxa4 19. Rxa4 Qd7 20. b5 Nb8 21. Rb4
axb5 22. Bb2 Ba6 23. Ra1 Bf8 24. Rb3 b4 25. Qd2 Qb5 26. cxb4 c5 27. dxc5 Bxc5
28. Qc3 Bb6 29. Nd4 Qd7 30. b5 Bb7 31. Rxa8 Bxa8 32. Ba3 Kf7 33. Ndf3 Rc8 34.
Qd2 d4 35. h4 Kg6 36. hxg5 h5 37. Nh4+ Kg7 38. g6 Qd5 39. Qg5 Bd8 40. Qxh5
Qxe5 41. Qh7+ Kf6 42. Qf7+ Kg5 43. Bc1+ Rxc1+ 44. Nf1 Bc7 45. Rg3+ Kf4 46.
Rg4+ Kxg4 47. g3 Qxb5 48. Kh2 Qxf1 49. f3+ Bxf3 {#R} 0-1

[Event "ICU MVCC Ch (Challenger)"]
[Site "Twin Falls, ID"]
[Date "2009.03.08"]
[Round "3.3"]
[White "Viveros, Chris"]
[Black "Patterson, Kevin R"]
[Result "0-1"]
[WhiteElo "1204"]
[BlackElo "1014"]

1. e4 c6 2. d3 d5 3. e5 Bf5 4. d4 e6 5. Bd3 Ne7 6. Nf3 Qa5+ 7. Bd2 Qc7 8. O-O
Bxd3 9. cxd3 Nf5 10. b4 Qb6 11. Bc3 Bxb4 12. Qa4 Bxc3 13. Nxc3 O-O 14. Rab1
Qc7 15. Rb2 b5 16. Qb3 Qb6 17. Ne2 a5 18. a4 b4 19. Rc1 Nd7 20. Rbc2 Rfc8 21.
g4 Ne7 22. Nd2 c5 23. Qb2 cxd4 24. Rxc8+ Nxc8 25. Nxd4 Nxe5 26. Qc2 h6 27.
N2f3 Nxg4 28. h3 Nf6 29. Nb5 Ne7 30. Qc7 Qxc7 31. Rxc7 Ng6 32. Nfd4 Nf4 33.
Na7 Nxd3 34. Ndc6 b3 35. Rb7 b2 36. Kf1 Nb4 {#R} 0-1

[Event "Idaho Open (Reserve)"]
[Site "Pocatello, ID"]
[Date "2009.04.04"]
[Round "1.2"]
[White "Patterson, Kevin R"]
[Black "Avila, Joe L"]
[Result "1-0"]
[WhiteElo "1035"]
[BlackElo "666"]

1. e4 d5 2. Nc3 e6 3. d4 c6 4. exd5 exd5 5. Nf3 Nd7 6. Be2 Ngf6 7. Bg5 Be7 8.
O-O O-O 9. Bd3 Bb4 10. Ne5 h6 11. Bh4 Qb6 12. Nxd7 Nxd7 13. Ne2 Bd6 14. Bg3
Be7 15. b3 Re8 16. c3 c5 17. dxc5 Nxc5 18. Nf4 Be6 19. Bc2 Bf6 20. Qd2 Rad8
21. Rfe1 d4 22. c4 Na6 23. Nxe6 Rxe6 24. Rxe6 Qxe6 25. Re1 Qb6 26. Qd3 g6 27.
a3 Kg7 28. h4 Nc5 29. Qf3 d3 30. Bd1 Nxb3 31. Bxb3 Qxb3 32. h5 Qc3 33. hxg6
Qxe1+ 34. Kh2 fxg6 35. Qxb7+ Qe7 36. Be5 d2 37. Qxe7+ {#r} 1-0

[Event "Idaho Open (Reserve)"]
[Site "Pocatello, ID"]
[Date "2009.04.04"]
[Round "3.4"]
[White "Nielsen, Josh Michael"]
[Black "Patterson, Katie Rae"]
[Result "1-0"]
[WhiteElo "922"]
[BlackElo "587"]

1. d4 d5 2. Nc3 Nf6 3. Bf4 Nc6 4. Nb5 Rb8 5. Bxc7 Qd7 6. Bxb8 Nxb8 7. Nxa7 Qc7
8. Nxc8 Qxc8 9. Qd3 Ne4 10. Qb5+ Qd7 11. c4 Qc6 12. Rc1 Qxb5 13. cxb5 Kd8 14.
f3 Nd6 15. b6 Nb5 16. Rc5 e6 17. Rxb5 Nc6 18. a3 Nxd4 19. Ra5 Nc2+ 20. Kf2 g6
21. e4 dxe4 22. fxe4 Bg7 23. Ne2 Bxb2 24. Ra7 Nd4 25. Ra8+ Ke7 26. Rxh8 Nxe2
27. Rxh7 Bxa3 28. Bxe2 Bc5+ 29. Kf3 Bxb6 30. Rb1 Bc5 31. Rxb7+ Kd6 32. Rhxf7
g5 33. Bc4 Bg1 34. Rfd7+ Kc5 35. Rbc7+ Kb4 36. Rc8 Kc3 37. Bxe6+ Kb2 38. Rb7+
Ka3 39. Ra8+ {#r} 1-0